Länder Nordamerikas nach Fläche (mit Karte) - Statistiken

Allgemein
  • Dieses Quiz wurde 11 mal gespielt
  • Das Durchschnittsergebnis liegt bei 15 aus 23
Antworten auf der Karte
Die Antworten werden auf der Karte rot bzw. grün angezeigt, abhängig davon wie oft sie richtig erraten wurden.
 
Antwortstatistiken
Hint Antwort % Korrekt
9'984'670 km² Kanada
100%
9'525'067 km² USA
100%
1'964'375 km² Mexiko
90%
75'420 km² Panama
90%
51'100 km² Costa Rica
80%
48'670 km² Dominikanische Republik
80%
110'860 km² Kuba
80%
130'370 km² Nicaragua
80%
112'090 km² Honduras
70%
10'991 km² Jamaika
70%
13'880 km² Bahamas
60%
21'041 km² El Salvador
60%
108'889 km² Guatemala
60%
27'750 km² Haiti
60%
261 km² St. Kitts und Nevis
60%
5'128 km² Trinidad und Tobago
60%
430 km² Barbados
50%
22'966 km² Belize
50%
751 km² Dominica
50%
344 km² Grenada
50%
616 km² St. Lucia
50%
389 km² St. Vincent und die Grenadinen
40%
443 km² Antigua und Barbuda
30%
Keine übereinstimmenden Quizze gefunden
Verteilung der Resultate
Anzahl Personen mit jedem Resultat
Perzentil nach korrekt beantworteten Fragen
Ihre Resultats-Entwicklung
Sie haben dieses Quiz noch nicht gespielt